Normal view
MARC view
- Whiteley, George Crispe,
Entry Personal Name
001 - CONTROL NUMBER
- control field: 352
003 - CONTROL NUMBER IDENTIFIER
- control field: OSt
005 - DATE AND TIME OF LATEST TRANSACTION
- control field: 20170420121057.0
008 - FIXED-LENGTH DATA ELEMENTS
- fixed length control field: 170420|| aca||aabn | a|a d
040 ## - CATALOGING SOURCE
- Original cataloging agency: OSt
- Transcribing agency: OSt
100 ## - HEADING--PERSONAL NAME
- Personal name: Whiteley, George Crispe,
- Dates associated with a name: 1845-1918.
670 ## - SOURCE DATA FOUND
- Source citation: Work cat.: (OSt): Mozley, Herbert Newman, 1838- 350, Mozley and Whiteley's law dictionary., 1988.

PORTAL AKMAL
E-MEL JKDM
AKMAL2U
G-BAM
u-PUSTAKA